[Event "III Weekend Scacchi tra le Torri A"]
[Site "Melegnano ITA"]
[Date "2004.02.15"]
[Round "4"]
[White "Barberi, Alessandro"]
[Black "Salami, Marco"]
[Result "1-0"]
[WhiteElo "2142"]
[BlackElo "2172"]
[PlyCount "61"]
[EventDate "2004.02.13"]

1.d4 f5 2.Nc3 Nf6 3.Bg5 d5 4.f3 Nc6 5.Qd2 e6 6.e4 Be7 7.O-O-O O-O 8.e5 Nd7
9.h4 Rf7 10.Nh3 h6 11.Be3 Bb4 12.g4 Nf8 13.h5 Nh7 14.g5 hxg5 15.Bxg5 Be7 
16.Bf4 Kh8 17.Be2 Rf8 18.Rdg1 Rg8 19.Be3 Re8 20.Rg2 Bf8 21.Nf4 Ne7 22.Qe1 
Qd7 23.Qg3 Nc6 24.Ng6+ Kg8 25.h6 Qf7 26.Nxf8 f4 27.Qxg7+ Qxg7 28.Rxg7+ 
Kxf8 29.Bxf4 Re7 30.Rhg1 Ke8 31.Bd3 1-0

[Event "III Weekend Scacchi tra le Torri A"]
[Site "Melegnano ITA"]
[Date "2004.02.15"]
[Round "4"]
[White "Bellotto, Stefano"]
[Black "Laketic, Gojko"]
[Result "0-1"]
[WhiteElo "1803"]
[BlackElo "2407"]
[PlyCount "54"]
[EventDate "2004.02.13"]

1.e4 c5 2.Nf3 Nc6 3.d3 g6 4.g3 Bg7 5.Bg2 d6 6.O-O e5 7.Re1 Nge7 8.Nbd2 O-O
9.a4 f5 10.c3 h6 11.Nc4 f4 12.gxf4 exf4 13.d4 cxd4 14.cxd4 Bg4 15.d5 Nd4 
16.Qd3 Nxf3+ 17.Bxf3 Bxf3 18.Qxf3 Rc8 19.Qd3 Qc7 20.Na3 a6 21.Re2 Qxc1+ 
22.Rxc1 Rxc1+ 23.Kg2 f3+ 24.Kh3 fxe2 25.Qxe2 Rg1 26.f3 g5 27.Qe3 Bd4 0-1

[Event "III Weekend Scacchi tra le Torri A"]
[Site "Melegnano ITA"]
[Date "2004.02.15"]
[Round "4"]
[White "Cartella, Giovanni"]
[Black "Rossi, Giampiero"]
[Result "1/2-1/2"]
[WhiteElo "1812"]
[BlackElo "2048"]
[PlyCount "82"]
[EventDate "2004.02.13"]

1.d4 d5 2.Nf3 c6 3.c3 Bf5 4.Qb3 Qb6 5.Nbd2 e6 6.Qxb6 axb6 7.Nh4 Bc2 8.g3 
Be7 9.Nhf3 Nd7 10.Bg2 Ngf6 11.O-O O-O 12.Ne1 Bg6 13.c4 Rfe8 14.Nef3 Ne4 
15.cxd5 exd5 16.Nxe4 Bxe4 17.Bd2 b5 18.a3 Bd6 19.Rfe1 Nb6 20.Ng5 Bxg2 21.
Kxg2 Nc4 22.Bc3 Be7 23.Nf3 Bf6 24.e3 Re6 25.Nd2 Nxd2 26.Bxd2 g6 27.Bb4 Bg7
28.Rac1 g5 29.Bc5 Rae8 30.h4 Re4 31.Rh1 h6 32.Kf3 f5 33.Kg2 Kf7 34.Kf3 Bf6
35.Rc2 Ra8 36.Rc3 Ra6 37.Rc2 Bd8 38.Rcc1 Bf6 39.Rc2 Ra8 40.Rcc1 Rh8 41.Rh2
Ra8 1/2-1/2

[Event "III Weekend Scacchi tra le Torri A"]
[Site "Melegnano ITA"]
[Date "2004.02.15"]
[Round "4"]
[White "D'Apa, Matteo"]
[Black "Manzoni, Alessandro"]
[Result "0-1"]
[WhiteElo "1849"]
[BlackElo "2045"]
[PlyCount "78"]
[EventDate "2004.02.13"]

1.d4 d5 2.c4 c6 3.Nf3 Nf6 4.Nc3 e6 5.Bg5 Nbd7 6.e3 Qa5 7.Bxf6 Nxf6 8.cxd5 
exd5 9.Qa4 Qxa4 10.Nxa4 Ne4 11.Nc3 Nxc3 12.bxc3 Ba3 13.Kd2 O-O 14.Rb1 f6 
15.Bd3 Re8 16.Bc2 b6 17.Ne1 Ba6 18.Nd3 Bd6 19.h3 Rad8 20.Rhe1 c5 21.Rbc1 
g6 22.Bd1 Bc4 23.Bb3 b5 24.Nb2 cxd4 25.cxd4 Bb4+ 26.Kd1 Bxe1 27.Kxe1 Bxb3 
28.axb3 Rc8 29.Rc5 Rxc5 30.dxc5 Rc8 31.Nd3 a5 32.Kd2 Kf7 33.Kc3 g5 34.f4 
h6 35.f5 Re8 36.Kd4 Re4+ 37.Kxd5 Rxe3 38.Nc1 Rc3 39.Na2 Rc2 0-1

[Event "III Weekend Scacchi tra le Torri A"]
[Site "Melegnano ITA"]
[Date "2004.02.15"]
[Round "4"]
[White "D'Apa, Stefano"]
[Black "Bonade', Massimo"]
[Result "0-1"]
[WhiteElo "2175"]
[BlackElo "2044"]
[PlyCount "78"]
[EventDate "2004.02.13"]

1.e4 c5 2.Nc3 d6 3.g3 g6 4.Bg2 Bg7 5.d3 Nc6 6.Be3 Nf6 7.h3 O-O 8.Nge2 Rb8 
9.a4 a6 10.O-O e5 11.Nd5 b5 12.axb5 axb5 13.c3 Nxd5 14.exd5 Ne7 15.Qd2 Bb7
16.c4 b4 17.g4 f5 18.Bh6 f4 19.Bxg7 Kxg7 20.Be4 Qd7 21.Kg2 Ra8 22.Ng1 Ra4 
23.Nf3 Rfa8 24.Rxa4 Qxa4 25.Ng5 Bc8 26.Bf3 Ra6 27.Ne4 Ng8 28.g5 Ne7 29.h4 
Nf5 30.Rh1 Nd4 31.Bd1 Qd7 32.Nf6 Qa7 33.h5 Bf5 34.hxg6 Bxg6 35.Bh5 Ra1 36.
Rxa1 Qxa1 37.Bxg6 Kxg6 38.f3 Nf5 39.Qe2 Ng3 0-1

[Event "III Weekend Scacchi tra le Torri A"]
[Site "Melegnano ITA"]
[Date "2004.02.15"]
[Round "4"]
[White "Dallaglio, Giovanni"]
[Black "Cardini, Saverio"]
[Result "0-1"]
[WhiteElo "2023"]
[BlackElo "1896"]
[PlyCount "62"]
[EventDate "2004.02.13"]

1.d4 g6 2.e4 Bg7 3.Nc3 d6 4.g3 Nc6 5.Be3 e5 6.Nge2 Bg4 7.Qd2 Bf3 8.Rg1 h6 
9.Bg2 Bxg2 10.Rxg2 Qd7 11.f3 exd4 12.Nxd4 Ne5 13.Qe2 a6 14.a4 Ne7 15.g4 g5
16.Nd5 Nxd5 17.exd5 O-O-O 18.Nf5 Bf6 19.Kf2 h5 20.h3 hxg4 21.hxg4 Rh3 22.
Rg3 Rdh8 23.Ra3 Ng6 24.Rxh3 Rxh3 25.Kg2 Rh8 26.b4 Qe8 27.Qd2 Qe5 28.f4 
Qe4+ 29.Kg3 gxf4+ 30.Bxf4 Nxf4 31.Re3 Rh3+ 0-1

[Event "III Weekend Scacchi tra le Torri A"]
[Site "Melegnano ITA"]
[Date "2004.02.15"]
[Round "4"]
[White "Dassisti, Alberto"]
[Black "Murgia, Andrea"]
[Result "1/2-1/2"]
[WhiteElo "1783"]
[BlackElo "2138"]
[PlyCount "37"]
[EventDate "2004.02.13"]

1.e4 e5 2.Nc3 Nc6 3.d3 d6 4.Nce2 Nge7 5.f4 exf4 6.Nxf4 g6 7.c3 Bg7 8.Nf3 
O-O 9.Be2 d5 10.O-O a5 11.exd5 Nxd5 12.Nxd5 Qxd5 13.Bf4 Ne7 14.d4 c5 15.
Ne5 cxd4 16.Bc4 Qe4 17.Bd3 Qd5 18.Bc4 Qe4 19.Bd3 1/2-1/2

[Event "III Weekend Scacchi tra le Torri A"]
[Site "Melegnano ITA"]
[Date "2004.02.15"]
[Round "4"]
[White "Mazzariol, Oscar"]
[Black "Martino, Antonio M."]
[Result "1/2-1/2"]
[WhiteElo "2077"]
[BlackElo "1968"]
[PlyCount "68"]
[EventDate "2004.02.13"]

1.d4 Nf6 2.c4 g6 3.Nc3 d5 4.cxd5 Nxd5 5.Nf3 Nxc3 6.bxc3 Bg7 7.e4 O-O 8.Rb1
c5 9.Bc4 Nc6 10.e5 Bg4 11.Be3 cxd4 12.cxd4 Bxf3 13.gxf3 e6 14.h4 Rc8 15.
Be2 Qa5+ 16.Kf1 Rfd8 17.f4 Nxd4 18.Bxd4 Qd5 19.Rh3 Qe4 20.Rb4 Qxf4 21.Kg2 
Bxe5 22.Bxe5 Qxb4 23.Qa1 Rc2 24.Bh8 Qf8 25.Bd3 Rd2 26.Be4 R8d7 27.Qf6 h5 
28.Rg3 Qh6 29.Bxg6 fxg6 30.Rxg6+ Qxg6+ 31.Qxg6+ Kxh8 32.Qxh5+ Kg8 33.Qe8+ 
Kg7 34.Qxe6 Rf7 1/2-1/2

[Event "III Weekend Scacchi tra le Torri A"]
[Site "Melegnano ITA"]
[Date "2004.02.15"]
[Round "4"]
[White "Miladinovic, Igor"]
[Black "Lazic, Miroljub"]
[Result "1-0"]
[WhiteElo "2602"]
[BlackElo "2477"]
[PlyCount "115"]
[EventDate "2004.02.13"]

1.d4 d5 2.c4 c6 3.cxd5 cxd5 4.Nc3 Nf6 5.Bf4 Nc6 6.e3 e6 7.Bd3 Be7 8.Rc1 
O-O 9.a3 b6 10.Nf3 Bb7 11.h3 Rc8 12.O-O h6 13.Ne5 Nxe5 14.dxe5 Ne4 15.Bxe4
dxe4 16.Qg4 Kh7 17.Rfd1 Qe8 18.Rd4 Rd8 19.Rc4 Rd7 20.a4 Qa8 21.Bg3 Rc8 22.
Nxe4 Rxc4 23.Rxc4 Bd5 24.Rd4 Rc7 25.Nc3 Bc6 26.Qd1 Qe8 27.Qd3+ Kg8 28.Bh4 
Bxh4 29.Rxh4 Qe7 30.Rd4 Rc8 31.f4 Qh4 32.Qd2 Qg3 33.Qf2 Qg6 34.Kh2 a6 35.
e4 b5 36.a5 Rb8 37.Qe3 b4 38.Na2 Bb5 39.Rxb4 Rd8 40.Rd4 Rxd4 41.Qxd4 Bf1 
42.g4 h5 43.g5 h4 44.Nc3 Qh5 45.Qe3 Bc4 46.Kg2 f6 47.exf6 gxf6 48.Qd4 Be2 
49.Qd8+ Kh7 50.Qe7+ Kg8 51.Qxe6+ Kh7 52.Qd7+ Kg8 53.Qc8+ Kh7 54.Qb7+ Kg8 
55.Qb8+ Kh7 56.Qa7+ Kg8 57.Qf2 Bc4 58.Qf3 1-0

[Event "III Weekend Scacchi tra le Torri A"]
[Site "Melegnano ITA"]
[Date "2004.02.15"]
[Round "4"]
[White "Mrdja, Milan"]
[Black "Montani, Francesco"]
[Result "1-0"]
[WhiteElo "2413"]
[BlackElo "2201"]
[PlyCount "82"]
[EventDate "2004.02.13"]

1.e4 d6 2.d4 Nf6 3.Nc3 g6 4.Bg5 Bg7 5.f4 h6 6.Bh4 c6 7.Qd2 b5 8.Bd3 Qb6 9.
e5 dxe5 10.dxe5 Nd5 11.Nxd5 cxd5 12.Qb4 O-O 13.Bf2 Qc7 14.Qxb5 Na6 15.Nf3 
Rb8 16.Qxd5 Nb4 17.Qc5 Nxd3+ 18.cxd3 Qb7 19.O-O Bg4 20.Bd4 Rfd8 21.Qxa7 
Qd5 22.Bc3 Qxd3 23.h3 Be6 24.Qf2 Bd5 25.Rfd1 Qa6 26.a4 Rbc8 27.Be1 Bb3 28.
Rxd8+ Rxd8 29.Nd4 Bd5 30.Nb5 Bc4 31.Nc3 g5 32.Bd2 Qb7 33.Be3 Rd3 34.Re1 
Qd7 35.a5 g4 36.hxg4 Qxg4 37.Qf3 Qe6 38.Qa8+ Kh7 39.Qe4+ Kg8 40.Bf2 Rd2 
41.f5 Qa6 1-0

[Event "III Weekend Scacchi tra le Torri A"]
[Site "Melegnano ITA"]
[Date "2004.02.15"]
[Round "4"]
[White "Nardone, Massimo"]
[Black "Scuderi, David"]
[Result "1/2-1/2"]
[WhiteElo "1752"]
[BlackElo "1831"]
[PlyCount "61"]
[EventDate "2004.02.13"]

1.c4 e5 2.Nc3 f5 3.d3 Nf6 4.Bg5 Be7 5.g3 d6 6.Bg2 c6 7.Qd2 Nbd7 8.e4 fxe4 
9.dxe4 O-O 10.Nge2 Qe8 11.O-O-O Ng4 12.Bxe7 Qxe7 13.Qxd6 Qxd6 14.Rxd6 Rxf2
15.Bh3 Ndf6 16.Rhd1 Rxh2 17.Rxf6 gxf6 18.Rd8+ Kg7 19.Bxg4 Bxg4 20.Rxa8 
Bxe2 21.b3 Bd3 22.Rxa7 h5 23.Rxb7+ Kg6 24.a4 f5 25.a5 fxe4 26.a6 Rc2+ 27.
Kd1 e3 28.a7 Rf2 29.Kc1 Rc2+ 30.Kd1 Rf2 31.Kc1 1/2-1/2

[Event "III Weekend Scacchi tra le Torri A"]
[Site "Melegnano ITA"]
[Date "2004.02.15"]
[Round "4"]
[White "Nieus, Thierry"]
[Black "Lanzani, Giuliano"]
[Result "1/2-1/2"]
[WhiteElo "2252"]
[BlackElo "2067"]
[PlyCount "79"]
[EventDate "2004.02.13"]

1.e4 e5 2.f4 exf4 3.Nf3 d6 4.d4 g5 5.h4 g4 6.Ng1 f3 7.gxf3 Be7 8.Be3 Bxh4+
9.Kd2 Bg5 10.Qe1 Qf6 11.e5 dxe5 12.dxe5 Bxe3+ 13.Qxe3 Qb6 14.Qxb6 axb6 15.
Nc3 Be6 16.fxg4 Nc6 17.Re1 Bxg4 18.Nh3 O-O-O+ 19.Kc1 f6 20.Rg1 h5 21.e6 
Ne5 22.Re3 Bxe6 23.Nf4 Bg4 24.Be2 Ne7 25.Bxg4+ hxg4 26.Ne4 Nf5 27.Re2 Nf3 
28.Rf1 N5d4 29.Rg2 f5 30.Ng3 Rhe8 31.c3 Ne6 32.Nxe6 Rxe6 33.Nxf5 Rf8 34.
Nd4 Re4 35.Rgf2 c5 36.Nxf3 Ref4 37.Kd2 g3 38.Rg2 Rxf3 39.Rxf3 Rxf3 40.Ke2 
1/2-1/2

[Event "III Weekend Scacchi tra le Torri A"]
[Site "Melegnano ITA"]
[Date "2004.02.15"]
[Round "4"]
[White "Pace, Roberto"]
[Black "Suprani, Alessandro"]
[Result "1/2-1/2"]
[WhiteElo "2063"]
[BlackElo "1902"]
[PlyCount "89"]
[EventDate "2004.02.13"]

1.e4 c5 2.Nf3 Nc6 3.d4 cxd4 4.Nxd4 Nf6 5.Nc3 e5 6.Ndb5 d6 7.Bg5 a6 8.Na3 
b5 9.Nd5 Be7 10.Bxf6 Bxf6 11.c3 O-O 12.Be2 Bg5 13.O-O Ne7 14.Nxe7+ Qxe7 
15.Bg4 Bb7 16.Bf3 g6 17.c4 b4 18.Nc2 a5 19.Qd3 f5 20.Rad1 Rad8 21.Rfe1 Qc7
22.exf5 Bxf3 23.Qxf3 Qxc4 24.Qd5+ Qxd5 25.Rxd5 Rc8 26.Re2 Rc6 27.fxg6 hxg6
28.g3 Rfc8 29.Ne1 Bd8 30.h4 Kf7 31.Kg2 Bb6 32.Nf3 Rc2 33.Red2 Rxd2 34.Rxd2
Ke7 35.g4 a4 36.Ne1 b3 37.axb3 axb3 38.Rd3 Rc1 39.Rxb3 Rxe1 40.Rxb6 d5 41.
h5 gxh5 42.gxh5 Kf7 43.Rd6 d4 44.Rd5 Ke6 45.Rd8 1/2-1/2

[Event "III Weekend Scacchi tra le Torri A"]
[Site "Melegnano ITA"]
[Date "2004.02.15"]
[Round "4"]
[White "Pelizzola, Danilo"]
[Black "De Santis, Alessio"]
[Result "0-1"]
[WhiteElo "2125"]
[BlackElo "2283"]
[PlyCount "60"]
[EventDate "2004.02.13"]

1.e4 c5 2.Nf3 e6 3.d4 cxd4 4.Nxd4 a6 5.Bd3 Qc7 6.Be3 Nf6 7.Nd2 Nc6 8.c3 
Be7 9.Rc1 d5 10.Nxc6 bxc6 11.O-O Rb8 12.b4 e5 13.h3 O-O 14.Qe2 a5 15.a3 
dxe4 16.Nxe4 Nd5 17.Qh5 f5 18.Ng5 h6 19.h4 Rf6 20.c4 Nxe3 21.fxe3 hxg5 22.
hxg5 g6 23.Qh4 Rf7 24.c5 Rh7 25.Bc4+ Kg7 26.Qg3 axb4 27.axb4 Rxb4 28.Rfd1 
f4 29.exf4 Bxc5+ 30.Kf1 Rb2 0-1

[Event "III Weekend Scacchi tra le Torri A"]
[Site "Melegnano ITA"]
[Date "2004.02.15"]
[Round "4"]
[White "Rosin, Federico"]
[Black "Reduzzi, Maurizio"]
[Result "1/2-1/2"]
[WhiteElo "2137"]
[BlackElo "1833"]
[PlyCount "102"]
[EventDate "2004.02.13"]

1.e4 c5 2.Nf3 e6 3.d4 cxd4 4.Nxd4 a6 5.Nc3 Nc6 6.Be2 d6 7.Be3 Nf6 8.O-O 
Be7 9.f4 Bd7 10.a3 b5 11.Bf3 Rc8 12.Qe1 O-O 13.Rd1 Qc7 14.Kh1 Nxd4 15.Bxd4
e5 16.Be3 Bc6 17.fxe5 dxe5 18.Nd5 Bxd5 19.exd5 Qd6 20.Bd2 Nd7 21.Bg4 Rxc2 
22.Bc3 Qg6 23.Qg3 f5 24.d6 Bd8 25.Bh3 Qxg3 26.hxg3 g6 27.g4 f4 28.g5 Rxc3 
29.bxc3 Nc5 30.Rfe1 e4 31.Rd5 Nd3 32.Re2 f3 33.gxf3 Nf4 34.Rxe4 Nxh3 35.
Ree5 Nxg5 36.d7 Rxf3 37.Re8+ Rf8 38.Rd6 Kf7 39.Re2 a5 40.Rd5 Ne6 41.Rxb5 
Ke7 42.Rb7 Rf3 43.Ra7 Rxc3 44.Ra6 Rxa3 45.Rexe6+ Kxd7 46.Red6+ Ke7 47.Rdc6
Rd3 48.Re6+ Kf7 49.Rec6 Ke7 50.Kg2 Kf7 51.Ra7+ Be7 1/2-1/2

[Event "III Weekend Scacchi tra le Torri A"]
[Site "Melegnano ITA"]
[Date "2004.02.15"]
[Round "5"]
[White "Bellotto, Stefano"]
[Black "Rosin, Federico"]
[Result "0-1"]
[WhiteElo "1803"]
[BlackElo "2137"]
[PlyCount "80"]
[EventDate "2004.02.13"]

1.e4 c5 2.Nf3 Nc6 3.d3 e6 4.g3 d5 5.Nbd2 Nf6 6.Bg2 Be7 7.O-O O-O 8.Re1 b5 
9.e5 Nd7 10.Nf1 a5 11.h4 a4 12.Bh3 b4 13.Bf4 a3 14.b3 Nd4 15.Nxd4 cxd4 16.
Qg4 Kh8 17.h5 Ra6 18.h6 g6 19.Bd2 Rc6 20.Rac1 Qb6 21.Nh2 Ba6 22.Nf3 Rfc8 
23.Nxd4 Bc5 24.Be3 Bxd4 25.Bxd4 Qd8 26.Qf3 Kg8 27.Re2 Qc7 28.Qe3 Qd8 29.f4
Nc5 30.Bxc5 Rxc5 31.Rf2 d4 32.Qd2 Rc3 33.Bg2 Bxd3 34.Bf1 Bxf1 35.Kxf1 Rxg3
36.Qxb4 Qh4 37.Qb7 Qh3+ 38.Ke2 Rgc3 39.Kd1 Rd3+ 40.Ke1 Qe3+ 0-1

[Event "III Weekend Scacchi tra le Torri A"]
[Site "Melegnano ITA"]
[Date "2004.02.15"]
[Round "5"]
[White "Cardini, Saverio"]
[Black "Nieus, Thierry"]
[Result "1/2-1/2"]
[WhiteElo "1896"]
[BlackElo "2252"]
[PlyCount "21"]
[EventDate "2004.02.13"]

1.d4 Nf6 2.Nf3 c5 3.e3 e6 4.c3 d5 5.Bd3 Nc6 6.Nbd2 Bd6 7.O-O e5 8.dxe5 
Nxe5 9.Nxe5 Bxe5 10.f4 Bc7 11.e4 1/2-1/2

[Event "III Weekend Scacchi tra le Torri A"]
[Site "Melegnano ITA"]
[Date "2004.02.15"]
[Round "5"]
[White "D'Apa, Matteo"]
[Black "Nardone, Massimo"]
[Result "1/2-1/2"]
[WhiteElo "1849"]
[BlackElo "1752"]
[PlyCount "29"]
[EventDate "2004.02.13"]

1.d4 f5 2.c4 Nf6 3.Nc3 g6 4.Nf3 Bg7 5.e3 O-O 6.Bd3 d6 7.O-O Re8 8.e4 fxe4 
9.Nxe4 c6 10.Re1 Bg4 11.h3 Bxf3 12.Qxf3 Nxe4 13.Qxe4 e5 14.d5 c5 15.f4 
1/2-1/2

[Event "III Weekend Scacchi tra le Torri A"]
[Site "Melegnano ITA"]
[Date "2004.02.15"]
[Round "5"]
[White "Laketic, Gojko"]
[Black "Molina, Fabrizio"]
[Result "1-0"]
[WhiteElo "2407"]
[BlackElo "2243"]
[PlyCount "81"]
[EventDate "2004.02.13"]

1.e4 e6 2.d4 d5 3.Nc3 Bb4 4.e5 c5 5.a3 Bxc3+ 6.bxc3 Ne7 7.Nf3 Nbc6 8.a4 
Qa5 9.Bd2 Qc7 10.Bb5 Bd7 11.O-O Na5 12.Bd3 cxd4 13.cxd4 Nc4 14.Bc1 b5 15.
axb5 Bxb5 16.Ng5 h6 17.Qh5 g6 18.Qh4 Nf5 19.Bxf5 gxf5 20.Qh5 Qe7 21.Rd1 
Rg8 22.Qxh6 O-O-O 23.Qf6 Qxf6 24.exf6 a6 25.Nxf7 Rdf8 26.Nh6 Rg6 27.f7 Nd6
28.h4 Kd7 29.Bf4 Ne4 30.Ra3 Ke7 31.g3 Nd6 32.Bg5+ Kd7 33.Bf4 Ke7 34.Rc3 
Bc4 35.Re3 Rh8 36.Bxd6+ Kxd6 37.Ng8 Rhxg8 38.fxg8=Q Rxg8 39.Rde1 Rg6 40.h5
Rh6 41.Kg2 1-0

[Event "III Weekend Scacchi tra le Torri A"]
[Site "Melegnano ITA"]
[Date "2004.02.15"]
[Round "5"]
[White "Lazic, Miroljub"]
[Black "Barberi, Alessandro"]
[Result "1-0"]
[WhiteElo "2477"]
[BlackElo "2142"]
[PlyCount "89"]
[EventDate "2004.02.13"]

1.g3 g6 2.Bg2 Bg7 3.e4 d6 4.d4 Nd7 5.Nc3 e5 6.Be3 Ngf6 7.h3 O-O 8.Nge2 c6 
9.a4 Qc7 10.Qd2 Re8 11.O-O b6 12.Rad1 Bb7 13.g4 Nf8 14.f4 exd4 15.Bxd4 
Rad8 16.f5 N8d7 17.g5 Nh5 18.Bxg7 Nxg7 19.Qf4 Ne5 20.Ng3 d5 21.exd5 cxd5 
22.Rf2 Qc4 23.Qxc4 Nxc4 24.fxg6 hxg6 25.Nxd5 Bxd5 26.Bxd5 Ne5 27.Ne4 Re7 
28.c4 Nf5 29.b3 Kg7 30.Nf6 Nc6 31.Rd3 Re1+ 32.Rf1 Re2 33.Nh5+ gxh5 34.Rxf5
Ne5 35.Kf1 Nxd3 36.Kxe2 Nc1+ 37.Kd2 Nxb3+ 38.Kc3 Nc5 39.Rxf7+ Kg6 40.Rxa7 
Kxg5 41.Kb4 Nd3+ 42.Kb5 Nf4 43.Kxb6 Nxd5+ 44.cxd5 Rxd5 45.Ra5 1-0

[Event "III Weekend Scacchi tra le Torri A"]
[Site "Melegnano ITA"]
[Date "2004.02.15"]
[Round "5"]
[White "Manzoni, Alessandro"]
[Black "Rossi, Giampiero"]
[Result "1-0"]
[WhiteElo "2045"]
[BlackElo "2048"]
[PlyCount "69"]
[EventDate "2004.02.13"]

1.e4 c5 2.Nc3 e6 3.g3 Nc6 4.Bg2 d6 5.Nge2 g6 6.d3 Bg7 7.O-O Nge7 8.Bg5 O-O
9.Qd2 f6 10.Bh6 Rb8 11.Bxg7 Kxg7 12.h4 b5 13.Nd1 e5 14.Ne3 Be6 15.f4 Ng8 
16.f5 Bf7 17.g4 Qe7 18.Ng3 Qc7 19.g5 Nce7 20.Ng4 fxg5 21.f6+ Nxf6 22.Nxf6 
gxh4 23.Ne2 Bxa2 24.Qg5 Bg8 25.Nh5+ Kh8 26.Qh6 Nf5 27.exf5 gxh5 28.Qxh5 
Qe7 29.Nc3 Bf7 30.Qh6 Rg8 31.f6 Qb7 32.Qg7+ Rxg7 33.fxg7+ Kxg7 34.Bxb7 
Rxb7 35.Ne4 1-0

[Event "III Weekend Scacchi tra le Torri A"]
[Site "Melegnano ITA"]
[Date "2004.02.15"]
[Round "5"]
[White "Martino, Antonio M."]
[Black "Pelizzola, Danilo"]
[Result "1-0"]
[WhiteElo "1968"]
[BlackElo "2125"]
[PlyCount "103"]
[EventDate "2004.02.13"]

1.c4 Nf6 2.Nc3 c5 3.e4 Nc6 4.g3 d6 5.Bg2 Bd7 6.Nge2 g6 7.O-O Bg7 8.d3 O-O 
9.h3 Rb8 10.f4 Ne8 11.Be3 Nd4 12.Rc1 Nc7 13.Qd2 Nxe2+ 14.Nxe2 b5 15.b3 Ne6
16.f5 Nd4 17.Nxd4 cxd4 18.Bh6 f6 19.h4 e5 20.fxe6 Bxe6 21.Bxg7 Kxg7 22.Qf2
bxc4 23.dxc4 Qa5 24.Rfd1 Qa3 25.Rc2 a5 26.Qxd4 a4 27.Qxd6 Qxd6 28.Rxd6 
axb3 29.axb3 Kf7 30.Rc3 Ke7 31.Ra6 Rfc8 32.Ra7+ Kd6 33.Rxh7 Kc5 34.Re7 Kb4
35.Rd3 Bxc4 36.bxc4 Kxc4 37.Rd1 Kc5 38.Rc1+ Kd6 39.Rxc8 Rb1+ 40.Kh2 Kxe7 
41.Rc7+ Kf8 42.Kh3 Rb4 43.Kg4 f5+ 44.Kf4 Ra4 45.Bf3 Rb4 46.g4 fxe4 47.Bxe4
g5+ 48.hxg5 Rb5 49.g6 Ra5 50.g7+ Kg8 51.Bd3 Rf5+ 52.gxf5 1-0

[Event "III Weekend Scacchi tra le Torri A"]
[Site "Melegnano ITA"]
[Date "2004.02.15"]
[Round "5"]
[White "Montani, Francesco"]
[Black "Aranovitch, Emiliano"]
[Result "0-1"]
[WhiteElo "2201"]
[BlackElo "2300"]
[PlyCount "46"]
[EventDate "2004.02.13"]

1.d4 Nf6 2.c4 c5 3.d5 g6 4.Nc3 Bg7 5.e4 O-O 6.Bd3 d6 7.Nge2 e6 8.O-O exd5 
9.cxd5 Nh5 10.Nf4 Nxf4 11.Bxf4 Qe7 12.Qd2 a6 13.a4 Nd7 14.Bh6 Bxh6 15.Qxh6
Ne5 16.Be2 f5 17.exf5 Bxf5 18.Qd2 c4 19.f4 Nd3 20.Bxd3 cxd3 21.h3 Bd7 22.
g4 Rf7 23.Qxd3 Raf8 0-1

[Event "III Weekend Scacchi tra le Torri A"]
[Site "Melegnano ITA"]
[Date "2004.02.15"]
[Round "5"]
[White "Mrdja, Milan"]
[Black "Miladinovic, Igor"]
[Result "1/2-1/2"]
[WhiteElo "2413"]
[BlackElo "2602"]
[PlyCount "23"]
[EventDate "2004.02.13"]

1.e4 c5 2.Nf3 Nc6 3.Nc3 e6 4.d4 cxd4 5.Nxd4 Qc7 6.f4 a6 7.Nxc6 Qxc6 8.Bd3 
b5 9.Qe2 Bb7 10.Bd2 Be7 11.O-O b4 12.Nd1 1/2-1/2

[Event "III Weekend Scacchi tra le Torri A"]
[Site "Melegnano ITA"]
[Date "2004.02.15"]
[Round "5"]
[White "Murgia, Andrea"]
[Black "Bonade', Massimo"]
[Result "0-1"]
[WhiteElo "2138"]
[BlackElo "2044"]
[PlyCount "114"]
[EventDate "2004.02.13"]

1.e4 c5 2.c3 d5 3.exd5 Qxd5 4.d4 cxd4 5.cxd4 Nc6 6.Nf3 e5 7.Nc3 Bb4 8.Bd2 
Bxc3 9.Bxc3 e4 10.Ne5 Nxe5 11.dxe5 Ne7 12.Qa4+ Bd7 13.Qa3 Qe6 14.Rd1 O-O 
15.Rd6 Qf5 16.Be2 Bc6 17.O-O Ng6 18.f4 Nxf4 19.Bc4 Qg4 20.g3 Nh3+ 21.Kg2 
e3+ 22.Rxc6 bxc6 23.Qb4 Kh8 24.e6 Ng5 25.Rf4 Qh3+ 26.Kg1 Nxe6 27.Bf1 Qh5 
28.g4 Qc5 29.Qxc5 Nxc5 30.Rf5 Ne4 31.Bd4 Nd6 32.Rh5 Rfe8 33.Bd3 Ne4 34.
Bxe3 Nf6 35.Rh3 Nxg4 36.Rxh7+ Kg8 37.Bd4 Ne5 38.Be4 Nf3+ 39.Bxf3 Kxh7 40.
Bxc6 Red8 41.Be3 Rab8 42.b3 a6 43.Kf2 g6 44.Bg5 Rdc8 45.Be4 f5 46.Bd3 Rc3 
47.Ke2 Rc6 48.a4 Re8+ 49.Kd2 Rc5 50.b4 Rc6 51.a5 Kg7 52.b5 axb5 53.Bxb5 
Rd6+ 54.Kc3 Rc8+ 55.Kb4 f4 56.a6 Rd4+ 57.Ka3 Rc5 0-1

[Event "III Weekend Scacchi tra le Torri A"]
[Site "Melegnano ITA"]
[Date "2004.02.15"]
[Round "5"]
[White "Reduzzi, Maurizio"]
[Black "Lanzani, Giuliano"]
[Result "1/2-1/2"]
[WhiteElo "1833"]
[BlackElo "2067"]
[PlyCount "84"]
[EventDate "2004.02.13"]

1.d4 d5 2.Nf3 Nf6 3.c4 e6 4.Nc3 Be7 5.Bg5 Nc6 6.e3 Ne4 7.Bxe7 Nxe7 8.Qc2 
Nxc3 9.Qxc3 O-O 10.Bd3 b6 11.O-O Bb7 12.c5 bxc5 13.Qxc5 Qd6 14.Rfc1 Rfc8 
15.Rc2 Nc6 16.a3 a5 17.Bb5 Nb8 18.Rac1 Na6 19.Qxd6 cxd6 20.Kf1 Kf8 21.Ke2 
Ke7 22.Kd2 Rxc2+ 23.Rxc2 Rc8 24.Rxc8 Bxc8 25.Kc3 Nc7 26.Bd3 h6 27.Nd2 Bd7 
28.Nb3 a4 29.Nc1 e5 30.Kb4 exd4 31.exd4 Ne6 32.Ne2 f6 33.Bb5 Bxb5 34.Kxb5 
Kd7 35.Kxa4 Kc6 36.Ka5 f5 37.b4 g5 38.b5+ Kb7 39.a4 h5 40.Kb4 f4 41.a5 g4 
42.Nxf4 Nxf4 1/2-1/2

[Event "III Weekend Scacchi tra le Torri A"]
[Site "Melegnano ITA"]
[Date "2004.02.15"]
[Round "5"]
[White "Suprani, Alessandro"]
[Black "Mazzariol, Oscar"]
[Result "0-1"]
[WhiteElo "1902"]
[BlackElo "2077"]
[PlyCount "21"]
[EventDate "2004.02.13"]

1.Nf3 f5 2.d3 Nf6 3.e4 fxe4 4.Ng5 exd3 5.Bxd3 c6 6.Nxh7 Qa5+ 7.Nc3 Nxh7 8.
b4 Qe5+ 9.Kd2 Nf6 10.Bg6+ Kd8 11.Bd3 0-1

[Event "C.to Europeo U14 femminile"]
[Site "Urgup TUR"]
[Date "2004.07.30"]
[Round "2"]
[White "Chierici, Marianna"]
[Black "Tairova, Elena"]
[Result "0-1"]
[WhiteElo "1646"]
[BlackElo "2241"]
[PlyCount "131"]
[EventDate "2004.07.29"]

1. e4 c5 2. c3 e6 3. d4 d5 4. e5 Qb6 5. a3 Bd7 6. b4 cxd4 7. cxd4 a5 8. bxa5
Qxa5+ 9. Bd2 Qb6 10. Nf3 Nc6 11. Bc3 Nge7 12. Bd3 Nf5 13. Bc2 Be7 14. O-O O-O
15. Qd3 Qa6 16. Bb2 Na5 17. Qxa6 Rxa6 18. Nbd2 Rc8 19. Rfc1 Rac6 20. Bd3 g6 21.
Rxc6 Bxc6 22. Rc1 Ra8 23. Be2 b5 24. h3 Nc4 25. Nxc4 bxc4 26. Rc3 Rb8 27. Bc1
Bd8 28. g4 Ne7 29. Rc2 Nc8 30. Rb2 Ra8 31. Ra2 Ba4 32. Bb2 Na7 33. Nd2 Nb5 34.
Nb1 Bb6 35. Nc3 Bb3 36. Ra1 Nxd4 37. Bd1 Bxd1 38. Nxd1 Nb3 39. Ra2 d4 40. a4 c3
41. Nxc3 dxc3 42. Bxc3 Ba5 43. Bb2 Rd8 44. Ra3 Nc5 45. Ra1 Rd5 46. Kg2 Nd3 47.
Ba3 Nxe5 48. Bb2 Nd3 49. Bf6 Bd8 50. Bc3 Nf4+ 51. Kf1 Ba5 52. Bf6 Rc5 53. Rb1
Rc8 54. f3 Nd5 55. Be5 f6 56. Bg3 Ra8 57. Rc1 Bb4 58. Rc6 Kf7 59. Ke2 Rxa4 60.
Rc8 e5 61. Rh8 Kg7 62. Rd8 Nf4+ 63. Kd1 Be7 64. Rc8 Kh6 65. Rc7 Nxh3 66. Rb7
0-1

[Event "C.to Europeo U14 femminile"]
[Site "Urgup TUR"]
[Date "2004.07.31"]
[Round "3"]
[White "Ozturk, Kubra"]
[Black "Chierici, Marianna"]
[Result "0-1"]
[WhiteElo "1978"]
[BlackElo "1646"]
[PlyCount "102"]
[EventDate "2004.07.29"]

1. Nf3 d6 2. g3 e5 3. d3 Nf6 4. Bg2 Nbd7 5. O-O Be7 6. c4 O-O 7. Nc3 c6 8. Qc2
Qc7 9. Bd2 h6 10. Rac1 Re8 11. b4 a6 12. a4 b6 13. Rfd1 Bb7 14. Nh4 Rac8 15.
Nf5 Bf8 16. Qb2 Qb8 17. Qb3 Qa7 18. Ne4 Nxe4 19. dxe4 Nf6 20. Qf3 d5 21. Nxh6+
gxh6 22. Qxf6 Re6 23. Qf5 dxc4 24. Rxc4 Rd8 25. Bf1 Red6 26. Rc2 Bg7 27. Qf3 c5
28. bxc5 bxc5 29. Qe3 Rd4 30. f3 Qb6 31. Rdc1 Qg6 32. Ba5 R8d7 33. Rxc5 Rxa4
34. Bh3 Re7 35. Qb3 Rd4 36. Rc8+ Bxc8 37. Rxc8+ Bf8 38. Bb4 Rxb4 39. Qxb4 Qf6
40. Bf5 h5 41. h4 a5 42. Qc5 a4 43. Kg2 Kg7 44. Qb5 a3 45. Qb8 Qa6 46. Kf2 Qa7+
47. Qxa7 Rxa7 48. Rc7 a2 49. Rc1 Bc5+ 50. e3 Bb4 51. Bd7 Bc3 0-1